000 00357nam a2200145Ia 4500
008 240624s9999 xx 000 0 und d
041 _aeng
082 _a809 RID
100 _aRIDLEY DIANA
245 _aLITERATURE REVIEW A STEP BY STEP GUIDE F
250 _a(2nd ed.)
260 _c2012
_aSingapore
_bSage
300 _a214 : p. : cm. ; 24
365 _cRS
999 _c24431
_d24431